| 000 | 01164cam a22002655a 4500 | ||
|---|---|---|---|
| 001 | E148142 | ||
| 008 | 090804s2009 xxk f 000 0 eng d | ||
| 020 | _a9781842194973 | ||
| 035 | _a(Sirsi) u148142 | ||
| 041 | 0 | _aeng | |
| 050 | 0 | 4 | _a658.477 $2 20 |
| 100 | 1 | _aFleming, Andrew | |
| 245 | 0 | 0 |
_aGeneric disaster management and reconstruction _bprocess protocol |
| 260 |
_aLondon _bRICS _aSalford _bUniversity of Salford _c2009 |
||
| 300 |
_av, 100p. _bspiral bound _c21cm. + _e1 CD |
||
| 505 | 2 | _aExecutive summary -- Foreword -- Glossary -- Section 1, introduction -- Section 2, process map and key principles -- Section 3, process management and organisation -- Section 4, activity cluster description -- Section 5, process protocol phases desctription -- Section 6, deliverables description -- Appendices | |
| 520 | _aSets out a brief, structured overview of the disaster management process and related reconstruction activities, for use at field level. | ||
| 521 | _aAdvanced | ||
| 590 | _aKA | ||
| 651 | 4 | _aInternational | |
| 690 | _aBUILT ENVIRONMENT-CONSTRUCTION MANAGEMENT | ||
| 700 | 1 | _aLee, Angela | |
| 700 | 1 | _aBrandon, Peter | |
| 942 | _n0 | ||
| 999 |
_c109909 _d109909 |
||